Responses for Show #2948 - Wednesday, May 28, 1997

Lyn Payne game 1.

Contestants

[<< previous game]

Lyn Payne, a librarian from Orlando, Florida

David Wyatt, a high school French teacher from Whitefish Bay, Wisconsin

Doug Antoniazzi, a test systems analyst from Hyde Park, Massachusetts (whose 3-day cash winnings total $35,999)

[next game >>]

Jeopardy! Round responses

INVENTORS & INVENTIONS
HISTORY
TV & FILM CELLISTS
ANNUAL EVENTS
POETS & POETRY
BUG NAMES
    $100 16
Levi Strauss

David
    $100 1
Russia

Doug
    $100 30
Wings

David
    $100 7
Berlin

Lyn
    $100 14
(Alex: That's it. Well done in that category.)

"Casey at the Bat"

Lyn
    $100 10
the Green Hornet

Doug
    $200 17
Eli Whitney

Doug
    $200 2
Hirohito

David
    $200 29
(Sigourney) Weaver

Lyn
    $200 25
the pecan

David
    $200 13
Burns

Lyn
    $200 11
(David: What is curling?)
...
(Alex: "Curling", to the best of my knowledge, is not a bug name, but [*] is.)

cricket

David
Triple Stumper
    $300 18
Marconi

Lyn
    $300 3
Nehru

Doug
    $300 28
(Timothy) Dalton

Lyn
    $300 15
(Doug: What are clams?)

oysters

DougDavid
    $300 9
Chaucer

Doug
    $300 12
(Hal) Roach

Lyn
    $400 23
a circuit

Lyn
    $400 4
Likud

Lyn
    $400 27
the Head of the Class

David
    $400 19
(Lyn: What is… the…)
(Alex: Ooh, sorry, you're taking too long.)

the Oregon Trail

Lyn
Triple Stumper
    $400 8
Keats

Lyn
    $400 21
Adam Ant

David
    $500 24
the Ferris Wheel

Doug
    $500 5
the French & Indian War

Lyn
    $500 26
The Dick Van Dyke Show

Doug
    $500 20
Denmark

Doug
    $500 6
(Rudyard) Kipling

Doug
    $600 22
(David: All I can think of is Michael J. Fox.)
(Alex: Yeah, Michael J. Fox starring in Back to the Future as Marty [*]. [*], that's the bug name we're going for.)

McFly

David

Scores at the first commercial break (after clue 15):

Doug David Lyn
$1,000 $300 $2,000

Scores at the end of the Jeopardy! Round:

Doug David Lyn
$2,700 $900 $2,800

Double Jeopardy! Round responses

THE FRENCH REVOLUTION
NATURE
POP MUSIC
TRANSPORTATION
ISLANDS
THEATRE
    $200 1
le Bastille

David
    $200 30
Australia

Lyn
    $200 16
Michael Jackson

David
    $200 29
California

David
    $200 7
Christmas Island

Doug
    $200 28
the Globe Theatre

Doug
    $400 2
the rights of man

Lyn
    $400 27
a mule

Lyn
    $400 15
Tina Turner

Doug
    $400 26
the Holland Tunnel

David
    $400 8
(David: What is Sardinia?)

Sicily

DougDavid
    $400 24
the Sydney Opera House

Lyn
    $600 4
La Marseillaise

Doug
    $600 20
Sirocco

David
    $600 14
Jerry Lee Lewis

Doug
    $400 19
(Lyn: What is Juneau?)

Oklahoma City

Lyn
    $600 9
the Shetlands

Doug
    $600 13
Albee

Lyn
    $800 5
Thermidor

David
    $800 21
digitalis

Lyn
    $800 17
Dionne Warwick

David
    $800 23
(David: What is the St. Lawrence Seaway?)

the Sault Ste. Marie Canals

DavidLyn
    $2,000 10
(Doug: What is St. Kitts?)

Antigua

Doug
    $800 12
(Charles) Dickens

Doug
    $1000 6
the fleur-de-lis

David
    $1000 22
swans

Doug
    $1000 18
(Sinead) O'Connor

Lyn
    $1000 25
Boston

David
    $1000 11
Martinique

Lyn
    $1000 3
the Abbey Theatre

Doug

Scores at the end of the Double Jeopardy! Round:

Doug David Lyn
$6,500 $4,900 $8,000

[wagering suggestions for these scores]

Final Jeopardy! Round responses

AFRICAN COUNTRIES
DavidWhat is Tunisia?
$4,899
DougWhat is Tunisia?
$6,499
LynWhat is Tunisia?
$5,001
Tunisia

Final scores:

Doug David Lyn
$12,999 $9,799 $13,001
2nd place: Bassett Eden House bedroom suite + the Jeopardy! electronic game from Tiger Electronics 3rd place: Amana extra-large capacity washer/dryer + the Jeopardy! electronic game from Tiger Electronics New champion: $13,001 + the Jeopardy! electronic game from Tiger Electronics

Game dynamics:

Coryat scores:

Doug David Lyn
$8,500 $5,500 $8,400
19 R,
2 W
(including 1 DD)
16 R,
4 W
(including 1 DD)
20 R,
2 W
(including 1 DD)

Combined Coryat: $22,400

[game clues] [game scores] [suggest correction]

Game tape date: 1997-01-15
The J! Archive is created by fans, for fans. Scraping, republication, monetization, and malicious use prohibited; this site may use cookies and collect identifying information. See terms. The Jeopardy! game show and all elements thereof, including but not limited to copyright and trademark thereto, are the property of Jeopardy Productions, Inc. and are protected under law. This website is not affiliated with, sponsored by, or operated by Jeopardy Productions, Inc. Join the discussion at JBoard.tv.